LEADER 01037nam2 22002651i 450 001 UON00427808 005 20231205104854.384 100 $a20130626f |0itac50 ba 101 $afre 102 $aFR 105 $a|||| 1|||| 200 1 $a2$fMadame Vigée Le Brun 210 $aParis$cCharpentier$d[18..] 215 $a380 p.$d18 cm. 461 1$1001UON00427806$12001 $aSouvenirs$fde Madame Vigée Le Brun$1210 $aParis$cCharpentier$d[18..]$1215 $a2 v.$d18 cm.$v2 620 $aFR$dParis$3UONL002984 676 $a840.9351$cLetteratura francese su specifici personaggi$v21 700 0$aVIGEE LE BRUN, Louise Élisabeth$3UONV217323$0490250 712 $aCharpentier$3UONV258512$4650 801 $aIT$bSOL$c20240220$gRICA 899 $aSIBA - SISTEMA BIBLIOTECARIO DI ATENEO$2UONSI 912 $aUON00427808 950 $aSIBA - SISTEMA BIBLIOTECARIO DI ATENEO$dSI Francese IV A LEB 02 $eSI 5962 5 02 $sBuono 996 $a2$91186056 997 $aUNIOR LEADER 01135nam0 22003253i 450 001 RMS0028808 005 20251003044343.0 010 $a0127451501 100 $a20090318d1978 ||||0itac50 ba 101 | $aeng 102 $aus 181 1$6z01$ai $bxxxe 182 1$6z01$an 200 1 $apH measurements$fC. Clark Westcott 210 $aSan Diego [etc.]$cAcademic Press$d1978 215 $aX, 172 p.$cill.$d24 cm. 606 $aCONCENTRAZIONE IDROGENIONICA$2FIR$3MILC041329$9I 676 $a541$9Chimica fisica$v14 676 $a541.3728$9ELETTROCHIMICA E MAGNETOCHIMICA. CONCENTRAZIONE IDROGENIOTICA$v22 696 $aPh 699 $aConcentrazione idrogenionica$yPh 700 1$aWestcott$b, C. Clark$3RMSV035104$4070$0771592 801 3$aIT$bIT-000000$c20090318 850 $aIT-BN0095 901 $bNAP 01$cSALA DING $n$ 912 $aRMS0028808 950 0$aBiblioteca Centralizzata di Ateneo$b1 v.$c1 v.$d 01SALA DING 541 WES.ph$e 0102 0000028105 VMA A4 1 v.$fY $h19970909$i19970909 977 $a 01 996 $aPH measurements$91574686 997 $aUNISANNIO